000 00902nam a2200229 i 4500
001 bg
245 0 0 _aInżynieria baz danych :
_bwybrane problemy /
_c[red. nauk. Bożena Śmiałkowska].
260 _aSzczecin :
_bWydaw. Uczelniane PS,
_c2000.
300 _a182 s. :
_brys. ;
_c24 cm.
490 1 _aPrace Naukowe Politechniki Szczecińskiej. Katedra Systemów Informatycznych Zarządzania ;
_vnr 1
500 _aW serii gł.nr 557. - Streszcz. ang., niem.
500 _aNa s. tyt. błędna nazwa serii: Zeszyty Naukowe Politechniki Szczecińskiej.
504 _aBibliogr. przy pracach.
650 9 _aBaza danych
_xzagadnienia
700 1 _aŚMIAŁKOWSKA, Bożena.
_eRed.
830 _aPrace Naukowe Politechniki Szczecińskiej. Katedra Systemów Informatycznych Zarządzania ;
040 _cBPK
041 0 _apl
080 _a004.6
942 _cKS
008 s pl f |000 0 pol
999 _c39421
_d39421
856 _uhttp://koha.tu.koszalin.pl/cgi-bin/koha/opac-detail.pl?biblionumber=39421
_yKatalog online BPK